000
002640000a22000970004500
100
1
_a
Löfstedt, Torsten
245
1
0
_a
The allegory of Hagar and Sarah : Gal 4.21-31
300
_a
vol. 58, núm 4 (2000), Páginas 475-494
773
0
_t
Estudios Bíblicos
942
_c
ANA
999
_c
50255
_d
50255